[Event "Nordic Championship"]
[Site "Vaxjo"]
[Date "2017.06.28"]
[Round "4.25"]
[White "Nilsson, Mattias"]
[Black "Ask, Josef"]
[Result "0-1"]
[WhiteElo "1947"]
[BlackElo "2120"]

1.d4 Nf6 2.Nf3 g6 3.c4 Bg7 4.Nc3 d6 5.Bg5 h6 6.Bd2 O-O 7.h3 Nbd7 8.Qc2 e5 
9.O-O-O Re8 10.g4 exd4 11.Nxd4 c6 12.Nf3 Nc5 13.Bf4 Nfe4 14.Nxe4 Nxe4 15.
Be3 Qa5 16.Rd3 b5 17.Ra3 Qb4 18.cxb5 cxb5 19.Rb3 Qa5 20.Ra3 Qd8 21.Kb1 Bb7
22.Bg2 b4 23.Rd3 Qa5 24.Qb3 Nc5 25.Bxc5 Qxc5 26.Ne5 Rxe5 27.Bxb7 Rb8 28.
Bd5 Rxe2 29.Bxf7+ Kh7 30.Rc1 Qxf2 31.Bxg6+ Kxg6 32.Rxd6+ Kh7 33.Qd3+ Kh8 
34.Rd8+ Rxd8 35.Qxd8+ Qf8 36.Qxf8+ Bxf8 37.Rc8 Kg7 38.Rc7+ Re7 39.Rc6 Kh7 
40.Kc2 Bg7 41.Kb3 a5 42.h4 Re2 43.Rc2 Rxc2 44.Kxc2 a4 45.b3 axb3+ 46.Kxb3 
Bf8 47.Kc4 Kg6 48.Kd5 Be7 49.Kc4 h5 50.gxh5+ Kxh5 51.Kd3 Kxh4 52.Ke3 Kg4 
53.Ke4 Bf8 54.Ke3 Kf5 55.Kd4 Kf4 56.Kd3 Ke5 57.Kc4 Ke4 58.Kb3 Kd3 59.Kb2 
Kd2 60.Kb1 Bg7 61.a3 bxa3 62.Ka2 Bf8 63.Kb3 Kc1 64.Ka2 Kc2 65.Ka1 Kb3 0-1

[Event "Nordic Championship"]
[Site "Vaxjo"]
[Date "2017.06.28"]
[Round "4.26"]
[White "Johansson, Robert"]
[Black "Thornblad, Erik"]
[Result "0-1"]
[WhiteElo "1397"]
[BlackElo "2107"]

1.e4 e5 2.Nf3 Nc6 3.Bb5 a6 4.Ba4 Nf6 5.O-O Be7 6.Re1 b5 7.Bb3 d6 8.c3 O-O 
9.d4 Bg4 10.Be3 exd4 11.Bxd4 Na5 12.Nbd2 Nxb3 13.Qxb3 c5 14.Be3 d5 15.Ne5 
dxe4 16.Nxg4 Nxg4 17.Nxe4 Qc7 18.g3 Ne5 19.Bf4 Nf3+ 20.Kh1 Qc6 21.Re3 g5 
22.Qc2 f5 23.Qe2 gxf4 24.Rxf3 Qxe4 25.Re1 Qxe2 26.Rxe2 Bd6 27.Re6 Bb8 28.
Rd3 fxg3 29.hxg3 Ra7 30.Kg2 f4 31.Re4 fxg3 32.fxg3 Raf7 33.Rg4+ Rg7 34.
Rxg7+ Kxg7 35.b3 Be5 36.c4 Bd4 37.Rf3 Rxf3 38.Kxf3 bxc4 39.bxc4 Kf6 40.Kg4
Kg6 41.Kf4 h5 42.a3 Bb2 43.a4 a5 44.g4 h4 45.g5 Bc1+ 46.Kg4 Bxg5 0-1

[Event "Nordic Championship"]
[Site "Vaxjo"]
[Date "2017.06.28"]
[Round "4.28"]
[White "Eriksson, Per"]
[Black "Crevatin, Leo"]
[Result "0-1"]
[WhiteElo "1891"]
[BlackElo "2044"]

1.e4 c5 2.Nc3 Nc6 3.f4 g6 4.Bb5 Bg7 5.Bxc6 bxc6 6.Nf3 d5 7.e5 Nh6 8.O-O 
Nf5 9.d3 h5 10.Qe1 Qb6 11.Na4 Qb5 12.b3 c4 13.dxc4 dxc4 14.Ba3 Be6 15.Rd1 
cxb3 16.axb3 Bxb3 17.cxb3 Qxb3 18.Qe4 Qe3+ 19.Qxe3 Nxe3 20.Rc1 Nxf1 21.
Kxf1 Rc8 22.Nd4 e6 23.Bc5 g5 24.g3 h4 25.Kg2 hxg3 26.hxg3 gxf4 27.gxf4 Bf8
28.Bxa7 Ba3 29.Rc2 Rh4 30.Kg3 Rh1 31.Nb6 Rc7 32.Nb5 Rb7 33.Rxc6 Rb1 34.
Nxa3 Rb3+ 35.Kg4 Rxa3 36.Rc8+ Ke7 37.Rb8 Raxa7 38.Nc8+ Kf8 39.Rxb7 Rxb7 
40.Kg5 Kg7 41.Nd6 Rb1 42.Ne8+ Kf8 43.Nf6 Rg1+ 44.Ng4 Kg7 45.Kh5 Kf8 46.Kh4
Ke7 47.Kh5 Kd7 48.Kg5 Kc6 49.Kh5 Kd5 50.Nf6+ Kd4 51.Kh6 Ke3 52.Nh5 Ke4 53.
Kh7 Rh1 0-1

[Event "Nordic Championship"]
[Site "Vaxjo"]
[Date "2017.06.28"]
[Round "4.29"]
[White "Alquist, Erik"]
[Black "Ranby, Hans"]
[Result "1-0"]
[WhiteElo "2040"]
[BlackElo "1873"]

1.e4 g6 2.d4 Bg7 3.Nc3 d6 4.Be3 Nd7 5.h4 h5 6.Nf3 c6 7.Ng5 Qc7 8.Bc4 e6 9.
Qd2 Ngf6 10.Bxe6 fxe6 11.Nxe6 Qa5 12.Nxg7+ Kf7 13.Ne6 Kxe6 14.O-O-O Nb6 
15.b3 Qa3+ 16.Kb1 a5 17.d5+ cxd5 18.exd5+ Kf7 19.Bxb6 Bf5 20.Nb5 Qb4 21.
Qxb4 axb4 22.Nxd6+ Kg7 23.Nxf5+ gxf5 24.d6 Ra6 25.Bc5 Rha8 26.Bxb4 Ne4 27.
f3 Nf2 28.d7 Nxh1 29.d8=Q Rxd8 30.Rxd8 Rg6 31.Rd7+ Kg8 32.Rxb7 Rxg2 33.a4 
1-0

[Event "Nordic Championship"]
[Site "Vaxjo"]
[Date "2017.06.28"]
[Round "4.31"]
[White "Buchert, Vitus"]
[Black "Fakhr Eldin, Majed"]
[Result "1-0"]
[WhiteElo "1970"]
[BlackElo "1450"]

1.e4 c5 2.Nf3 Nf6 3.Nc3 Nc6 4.d4 cxd4 5.Nxd4 e6 6.Ndb5 a6 7.Nd6+ Bxd6 8.
Qxd6 Qe7 9.Qg3 Nh5 10.Qh3 Qc5 11.Be2 Nd4 12.Qxh5 Nxc2+ 13.Kd1 Qxh5 14.Bxh5
Nxa1 15.Be3 b5 16.Kd2 Nb3+ 17.axb3 d6 18.Bf4 g6 19.Bf3 Kd7 20.e5 d5 21.Ra1
b4 22.Nb5 a5 23.Nd6 h5 24.Bg5 Kc7 25.Nxf7 Rf8 26.Nd6 Bb7 27.Rc1+ Kb8 28.
Rc5 Bc8 29.Be3 Bd7 30.Rc1 Ra6 31.Be2 Rc6 32.Rxc6 Bxc6 33.f3 Kc7 34.Bd3 Bb7
35.Nb5+ Kd7 36.Nd4 Bc8 37.g3 Rg8 38.Bb5+ Kc7 39.Bd3 g5 40.Ke2 h4 41.f4 
hxg3 42.hxg3 g4 43.f5 exf5 44.Bf4 Kb6 45.e6 Kc5 46.Ke3 Re8 47.Bxf5 1-0

[Event "Nordic Championship"]
[Site "Vaxjo"]
[Date "2017.06.28"]
[Round "4.33"]
[White "Sukhayanudit, Apichai"]
[Black "Svensson, Bengt"]
[Result "1-0"]
[WhiteElo "1819"]
[BlackElo "1784"]

1.Nf3 d5 2.d4 Nf6 3.g3 Bg4 4.Bg2 e6 5.O-O Be7 6.c4 c6 7.Qb3 Qb6 8.Qxb6 
axb6 9.cxd5 exd5 10.Bf4 Nbd7 11.Nbd2 O-O 12.Rfe1 Nh5 13.Bg5 f6 14.h3 Be6 
15.e4 Bb4 16.exd5 Bxd5 17.Be3 f5 18.a3 Bd6 19.Bg5 Nhf6 20.Ne5 Bxg2 21.Kxg2
Rae8 22.Ndc4 Bc7 23.Nxd7 Nxd7 24.Be7 Rf7 25.Bd6 Rc8 26.Bxc7 Rxc7 27.Nd6 
Rf8 28.Re7 Rf6 29.Ne8 Rc8 30.Rae1 Rf8 31.Nd6 Rc7 32.Re8 Rxe8 33.Rxe8+ Nf8 
34.Nxf5 g6 35.Ne3 Kf7 36.Re5 Nd7 37.Re4 Nf6 38.Rf4 g5 39.Rf5 Kg6 40.g4 b5 
41.d5 Rd7 42.dxc6 bxc6 43.Rc5 Rc7 44.Nf5 Ne4 45.Rxc6+ Rxc6 46.Ne7+ Kf6 47.
Nxc6 Nd2 48.Na5 Ke5 49.f3 Kf4 50.b3 Nxf3 51.a4 bxa4 52.bxa4 Ne1+ 53.Kf1 
Nd3 54.Nc6 Kg3 55.a5 Nc5 56.Ke2 Kxh3 57.Kf3 Kh4 58.Ne5 h5 59.Ng6+ Kh3 60.
gxh5 g4+ 61.Ke3 g3 62.h6 1-0

[Event "Nordic Championship"]
[Site "Vaxjo"]
[Date "2017.06.28"]
[Round "4.34"]
[White "Nebrin, Johan"]
[Black "Skjoldager, Flemming"]
[Result "1/2-1/2"]
[WhiteElo "1834"]
[BlackElo "1906"]

1.d4 d5 2.c4 e6 3.Nc3 Nf6 4.Bg5 Bb4 5.e3 h6 6.Bxf6 Qxf6 7.Nf3 Nc6 8.Bd3 
O-O 9.O-O Bxc3 10.bxc3 b6 11.Rb1 Ba6 12.cxd5 Bxd3 13.Qxd3 exd5 14.c4 Ne7 
15.Ne5 Rfd8 16.Rfc1 c5 17.Nf3 dxc4 18.Qxc4 cxd4 19.Nxd4 Nf5 20.Nxf5 Qxf5 
21.Qc2 Qxc2 22.Rxc2 Rac8 23.Rcb2 Rc4 24.Kf1 Rdc8 25.Ke1 Kf8 26.Rd1 Rc1 27.
Rxc1 Rxc1+ 28.Ke2 Ke7 29.Rd2 Rg1 30.Kf3 Rc1 31.Ke4 Rc4+ 32.Kf3 b5 33.h3 a5
34.Rd5 Rb4 35.a3 Rb3 36.a4 Ke6 37.Rc5 Kd6 38.Rf5 f6 39.axb5 a4 40.Rf4 a3 
41.Ra4 Kc5 42.b6 Kxb6 43.Ke4 Kb5 44.Ra7 Rb4+ 45.Kd5 Ra4 46.Rb7+ Ka6 47.Rb8
Ka7 48.Rb1 a2 49.Ra1 Ra6 50.Kc4 Kb6 51.Kb4 Kc6 52.Kc4 Kd6 53.Kd4 f5 54.Kc4
Ke5 55.f3 g5 56.Kb3 Kd5 57.Kc3 h5 58.Rd1+ Ke6 59.Ra1 g4 60.Kb3 Kd5 61.Kc3 
Ra3+ 62.Kb4 Rxe3 63.fxg4 fxg4 64.hxg4 Re4+ 65.Kb3 hxg4 66.Rxa2 Ke5 67.Rf2 
Kd4 68.Kc2 Ke3 69.Rd2 g3 70.Kd1 Ra4 71.Re2+ Kf4 72.Rd2 Ra1+ 73.Ke2 Rg1 74.
Kd3 Rf1 75.Re2 Rd1+ 76.Rd2 Rg1 77.Re2 Rd1+ 1/2-1/2

[Event "Nordic Championship"]
[Site "Vaxjo"]
[Date "2017.06.28"]
[Round "4.35"]
[White "Knoppel, Bjorn"]
[Black "Lindvall, Per"]
[Result "1-0"]
[WhiteElo "1805"]
[BlackElo "1721"]

1.f4 Nf6 2.g3 c6 3.Nf3 d5 4.d3 Bf5 5.Bg2 Qb6 6.e3 e6 7.Qe2 Nbd7 8.O-O Bd6 
9.Kh1 O-O-O 10.Nc3 Qa6 11.a3 h5 12.h4 Bg4 13.Qe1 Bxf3 14.Bxf3 e5 15.Bg2 
exf4 16.e4 dxe4 17.Nxe4 Nxe4 18.Qxe4 g5 19.Bd2 Qb5 20.Qd4 Bb8 21.Qc4 Qxc4 
22.dxc4 Rhe8 23.hxg5 Be5 24.Rab1 fxg3 25.Rxf7 Kb8 26.b4 Nb6 27.Bf4 Bxf4 
28.Rxf4 Rd2 29.g6 Rg8 30.b5 Rxg6 31.bxc6 Rg7 32.c5 Nc8 33.cxb7 Rg8 34.
bxc8=Q+ Kxc8 35.Rf7 Rgd8 36.Bh3+ 1-0

[Event "Nordic Championship"]
[Site "Vaxjo"]
[Date "2017.06.28"]
[Round "4.36"]
[White "Ottosson, Bjorn"]
[Black "Stolpe, Kjell"]
[Result "1-0"]
[WhiteElo "1761"]
[BlackElo "1622"]

1.c4 b6 2.Nc3 e6 3.Nf3 Bb7 4.e4 Bb4 5.d3 Ne7 6.a3 Bxc3+ 7.bxc3 c5 8.Be2 
O-O 9.Bg5 f6 10.Be3 d6 11.Rb1 Re8 12.Qc2 Nbc6 13.d4 Na5 14.O-O e5 15.Nd2 
g5 16.h3 Bc6 17.Rbd1 Nb7 18.Nb3 Bd7 19.Kh2 Qb8 20.Kg1 Nd8 21.Rd2 Ne6 22.
Bg4 h5 23.Bxh5 Ng7 24.Be2 Kf7 25.Rfd1 Rh8 26.Bf1 Be6 27.dxe5 dxe5 28.f3 
Ng6 29.Nc1 Nh5 30.Ne2 Nhf4 31.Nxf4 gxf4 32.Bf2 Nh4 33.Bxh4 Rxh4 34.Rd6 Qg8
35.Qf2 Rh8 36.Rc6 Rc8 37.Rcd6 Ke7 38.a4 Qe8 39.a5 bxa5 40.Ra6 Rc7 41.Rxa5 
Qc6 42.Rda1 Qb6 43.Ra6 Qb8 44.R1a5 Qc8 45.Rxa7 Rxa7 46.Rxa7+ Bd7 47.Ra5 
Kd6 48.Qd2+ Ke7 49.Qd5 Be6 50.Qxc5+ Qxc5+ 51.Rxc5 Kd6 52.Ra5 Rc8 53.c5+ 
Kc7 54.Ra6 Kd7 55.Bb5+ Ke7 56.Ra7+ Kf8 57.c6 f5 58.Rh7 Kg8 59.Re7 Bf7 60.
Rxe5 fxe4 61.Rxe4 1-0

[Event "Nordic Championship Women"]
[Site "Vaxjo"]
[Date "2017.06.28"]
[Round "1.1"]
[White "Berg Laachiri, Susanna"]
[Black "Ptacnikova, Lenka"]
[Result "0-1"]
[WhiteElo "1911"]
[BlackElo "2207"]

1.e4 c6 2.d4 d5 3.Nc3 dxe4 4.Nxe4 Bf5 5.Ng3 Bg6 6.Nf3 Nd7 7.h4 h6 8.h5 Bh7
9.Bd3 Bxd3 10.Qxd3 e6 11.Ne4 Qb6 12.Qb3 Ngf6 13.Nxf6+ Nxf6 14.c3 Qxb3 15.
axb3 c5 16.dxc5 Bxc5 17.b4 Bb6 18.c4 O-O 19.Bf4 Rfc8 20.c5 Bd8 21.Bd6 Nd5 
22.b5 Bf6 23.O-O Bxb2 24.Rab1 Bf6 25.Nd2 Nc3 26.Rb3 Bd4 27.Nc4 Bxc5 28.Be5
Ne4 29.Na5 Nd2 30.Rg3 Nxf1 31.Rxg7+ Kf8 32.Kxf1 Bd6 33.Bf6 Be7 34.Bd4 e5 
35.Bxe5 f6 36.Rg6 fxe5 37.Rxh6 Kg7 38.Re6 Kf7 39.Rxe5 Rc5 0-1

[Event "Nordic Championship Women"]
[Site "Vaxjo"]
[Date "2017.06.28"]
[Round "1.2"]
[White "Johansson, Viktoria"]
[Black "Olsson, Linn"]
[Result "1-0"]
[WhiteElo "2114"]
[BlackElo "1796"]

1.d4 Nf6 2.c4 e6 3.Nc3 Bb4 4.e3 O-O 5.Bd3 Nc6 6.Ne2 d5 7.cxd5 Nxd5 8.O-O 
Nf6 9.h3 b6 10.Qa4 Bb7 11.Bb5 Bxc3 12.Bxc6 Bxc6 13.Qxc6 Bb4 14.e4 Qd7 15.
Qc2 Rac8 16.Bg5 Be7 17.Rfd1 h6 18.Bh4 Nh7 19.Bg3 Qb5 20.d5 Qc5 21.Nc3 Rfd8
22.Qe2 exd5 23.Nxd5 Rd7 24.Rac1 Qa5 25.Qg4 Qa6 26.Qxd7 1-0

[Event "Nordic Championship Women"]
[Site "Vaxjo"]
[Date "2017.06.28"]
[Round "1.3"]
[White "Eriksson, Ofelia"]
[Black "Fredericia, Louise"]
[Result "0-1"]
[WhiteElo "1742"]
[BlackElo "2089"]

1.d4 e6 2.Nf3 f5 3.Bf4 Nf6 4.e3 d6 5.h3 Nbd7 6.g4 Qe7 7.gxf5 exf5 8.Nbd2 
Ne4 9.Bc4 Ndf6 10.c3 g6 11.Rg1 Bg7 12.Qb3 Rf8 13.Nxe4 Nxe4 14.Ng5 Bf6 15.
h4 c6 16.f3 Nxg5 17.hxg5 Bh8 18.Kd2 b5 19.Bd3 Be6 20.Qa3 Rd8 21.Rae1 Kf7 
22.Rh1 Kg8 23.Rh3 Rf7 24.Reh1 Qd7 25.Qa5 Be5 26.Rh4 Bxf4 27.Rxf4 Re8 28.b3
Qe7 29.Rg1 Bxb3 30.e4 fxe4 31.Rxf7 e3+ 32.Ke2 Bxf7 33.Qa3 Bd5 34.Qb2 Rf8 
35.Rg3 Qf7 36.Kxe3 Qf4+ 37.Kf2 Bxf3 0-1

[Event "Nordic Championship Women"]
[Site "Vaxjo"]
[Date "2017.06.28"]
[Round "1.4"]
[White "Horn, Emilia"]
[Black "Lindberg, Cajsa"]
[Result "1/2-1/2"]
[WhiteElo "1995"]
[BlackElo "1734"]

1.e4 c5 2.Nf3 d6 3.d4 cxd4 4.Qxd4 a6 5.Bg5 Nc6 6.Qd2 h6 7.Bh4 g5 8.Bg3 Bg7
9.c3 Nf6 10.Bd3 O-O 11.h3 Qb6 12.Na3 Be6 13.O-O d5 14.exd5 Bxd5 15.Rfe1 
Rad8 16.Qe2 Bxf3 17.gxf3 Nh5 18.Bh2 e5 19.Nc4 Qc5 20.b4 Qd5 21.Rad1 Qe6 
22.Kg2 Qc8 23.Bc2 Rxd1 24.Rxd1 Rd8 25.Nd6 Qc7 26.Nf5 Rxd1 27.Qxd1 Bf8 28.
Qd3 Nf6 29.a4 Ne7 30.Ne3 Ng6 31.Ng4 Nxg4 32.fxg4 Qc6+ 33.Kg1 Bg7 34.Bg3 
Qe6 35.a5 Nf4 36.Bxf4 exf4 37.Qd8+ Bf8 38.Qd3 Bg7 39.Qd8+ Bf8 40.Qd1 Bg7 
41.Bb3 Qe7 42.Qd2 Qc7 43.c4 1/2-1/2

[Event "Nordic Championship Women"]
[Site "Vaxjo"]
[Date "2017.06.28"]
[Round "1.5"]
[White "Fransson, Pia"]
[Black "Fredericia Nilssen, Ellen"]
[Result "0-1"]
[WhiteElo "1482"]
[BlackElo "1948"]

1.d4 e6 2.c4 f5 3.g3 Nf6 4.Bg2 d5 5.Nf3 c6 6.O-O Bd6 7.Bg5 O-O 8.Qc2 Qe8 
9.Ne5 Qh5 10.Bxf6 Rxf6 11.Nd2 g5 12.Ndf3 g4 13.Nh4 Rh6 14.f3 Be7 15.fxg4 
fxg4 16.Rf4 Nd7 17.Nxg4 Bg5 18.Nxh6+ Qxh6 19.Rf2 Be3 20.Qd3 Nf6 21.Kh1 
Bxf2 22.Rf1 dxc4 23.Qxc4 Ng4 24.Qb3 Bxd4 25.Qf3 Nf2+ 26.Rxf2 Bxf2 27.Qxf2 
Bd7 28.Qe1 Qe3 29.Nf3 c5 30.h4 Bc6 31.Kh2 Rf8 32.Qa5 Qxe2 33.Qxc5 Bxf3 34.
Qg5+ Kh8 0-1

[Event "Nordic Championship 50+"]
[Site "Vaxjo"]
[Date "2017.06.28"]
[Round "4.1"]
[White "Holst, Conny"]
[Black "Karason, Askell O"]
[Result "0-1"]
[WhiteElo "2150"]
[BlackElo "2271"]

1.d4 Nf6 2.c4 e6 3.Nc3 Bb4 4.e3 O-O 5.Bd3 d5 6.Ne2 b6 7.O-O Bb7 8.cxd5 
exd5 9.f3 Re8 10.a3 Bf8 11.b4 a6 12.g4 c5 13.bxc5 bxc5 14.Rb1 Ra7 15.Qe1 
Nc6 16.Qh4 g6 17.Ng3 cxd4 18.exd4 Nxd4 19.Bg5 Be7 20.Rbe1 Ne6 21.f4 d4 22.
Nce4 Nxe4 23.Bxe7 Qxe7 24.Qxe7 Rxe7 25.Nxe4 Bxe4 26.Rxe4 Nc5 27.Rxd4 Rad7 
28.Rxd7 Rxd7 29.Be2 Rd2 30.Rc1 Rxe2 31.Rxc5 Re4 32.Ra5 Rxf4 33.h3 Rf6 34.
Kg2 h6 35.Kg3 Kf8 36.Rc5 Ke7 37.h4 Rb6 38.Ra5 Kd7 39.Kf4 Rf6+ 40.Ke5 Re6+ 
41.Kf4 Kc7 42.Ra4 Kd7 43.Rb4 Ke7 44.Ra4 Kf6 45.Ra5 Rc6 46.Kf3 g5 47.h5 Ke7
48.Ke4 Rc4+ 49.Kd5 Rxg4 50.Rxa6 Kf8 51.a4 Rh4 52.Rxh6 Rxa4 53.Rb6 Kg7 54.
h6+ Kh7 55.Rf6 g4 56.Ke5 g3 57.Rxf7+ Kxh6 58.Rf3 Rg4 59.Kf5 Rg5+ 60.Kf6 
Kh5 61.Rf1 g2 62.Rg1 Kh4 0-1

[Event "Nordic Championship 50+"]
[Site "Vaxjo"]
[Date "2017.06.28"]
[Round "4.2"]
[White "Ortoft, Kai"]
[Black "Lauritzen, Einar"]
[Result "1/2-1/2"]
[WhiteElo "1984"]
[BlackElo "1984"]

1.d4 Nf6 2.Bg5 d5 3.Bxf6 exf6 4.e3 c6 5.c4 dxc4 6.Bxc4 Qb6 7.Qb3 Qxb3 8.
Bxb3 f5 9.Ne2 Bd6 10.O-O Nd7 11.Nd2 Nf6 12.Nc1 Nd7 13.Nd3 O-O 14.Nc4 Bc7 
15.Nd2 Bd6 16.Nc4 Bc7 17.Nd2 Bd6 18.Nc4 1/2-1/2

[Event "Nordic Championship 50+"]
[Site "Vaxjo"]
[Date "2017.06.28"]
[Round "4.3"]
[White "Johansson, Lennart B"]
[Black "Mortensen, Henrik"]
[Result "0-1"]
[WhiteElo "1974"]
[BlackElo "1931"]

1.e4 Nf6 2.Nc3 d5 3.exd5 Nxd5 4.Bc4 c6 5.Qf3 Nf6 6.d3 Bg4 7.Qg3 e6 8.Bg5 
Nbd7 9.f3 Bf5 10.Nge2 Nb6 11.Bb3 Be7 12.Qf2 h6 13.Bd2 Qd7 14.Ne4 Nbd5 15.
N2c3 Bg6 16.O-O-O O-O 17.g4 a5 18.h4 Nxc3 19.Nxc3 Nd5 20.Bxd5 cxd5 21.h5 
Bh7 22.g5 Bxg5 23.Bxg5 hxg5 24.h6 g6 25.Qd4 f6 26.Rde1 Ra6 27.Re2 Kf7 28.
Rhe1 Rd8 29.f4 gxf4 30.Qxf4 g5 31.Qd4 Rg8 32.Na4 e5 33.Nb6 exd4 34.Nxd7 
Rd6 35.Re7+ Kg6 36.Nc5 f5 37.Rxb7 g4 38.Ne6 Kf6 39.Nxd4 Bg6 40.Rg1 Rh8 41.
Rh1 Rh7 42.Rb5 Kg5 43.Rxa5 Rxh6 44.Rg1 Rh3 45.Ra4 f4 46.Ne2 Rf6 47.Rd4 g3 
48.Rxd5+ Kg4 49.Kd2 Rh2 50.Rd4 Kf3 51.Rf1+ Rf2 52.Ke1 Rxf1+ 53.Kxf1 g2+ 
54.Ke1 Bh5 55.Kd2 Bg4 56.Re4 Kf2 0-1

[Event "Nordic Championship 50+"]
[Site "Vaxjo"]
[Date "2017.06.28"]
[Round "4.4"]
[White "Sandgren, Per-Olov"]
[Black "Franzen, Thomas"]
[Result "0-1"]
[WhiteElo "1422"]
[BlackElo "2032"]

1.e4 e6 2.d4 d5 3.Nd2 Nf6 4.e5 Nfd7 5.Ngf3 c5 6.c3 Nc6 7.Be2 Be7 8.O-O O-O
9.a3 f6 10.Bb5 cxd4 11.Bxc6 bxc6 12.cxd4 c5 13.Qe2 cxd4 14.exf6 Nxf6 15.
Nxd4 Qb6 16.N2f3 Bc5 17.Rd1 Ne4 18.Qc2 e5 19.Qb3 exd4 20.Qxd5+ Qe6 21.
Qxe6+ Bxe6 22.Re1 Bd5 23.b4 Bb6 24.Bb2 Rad8 25.Rad1 Nc3 26.Bxc3 Bxf3 0-1

[Event "Nordic Championship 50+"]
[Site "Vaxjo"]
[Date "2017.06.28"]
[Round "4.5"]
[White "Kirppo, Ronny"]
[Black "Gunnarsson, Lennart"]
[Result "1-0"]
[WhiteElo "1900"]
[BlackElo "1800"]

1.d4 d5 2.c4 c6 3.cxd5 cxd5 4.Nc3 Nf6 5.Bg5 e6 6.Nf3 Be7 7.e3 O-O 8.Bd3 h6
9.Bh4 Nc6 10.O-O Bd7 11.Rc1 Ne8 12.Bxe7 Qxe7 13.a3 f5 14.b4 a6 15.Qb3 Nd6 
16.Ne5 Nxe5 17.dxe5 Ne4 18.Qb2 Nxc3 19.Rxc3 Rac8 20.Rfc1 Rxc3 21.Rxc3 Rc8 
22.Rxc8+ Bxc8 23.Qc3 Qd7 24.Qc5 Qc6 25.Qxc6 bxc6 26.Kf1 Kf8 27.Ke2 Ke7 28.
Kd2 Kd7 29.Kc3 Kc7 30.Kd4 Kb6 31.f3 Bd7 32.Be2 Bc8 33.a4 Bb7 34.a5+ Kc7 
35.Kc5 Bc8 36.f4 g6 37.g4 Bb7 38.g5 hxg5 39.fxg5 1-0

[Event "Nordic Championship 50+"]
[Site "Vaxjo"]
[Date "2017.06.28"]
[Round "4.6"]
[White "Andersson, Erik"]
[Black "Olsson, Magnus"]
[Result "1/2-1/2"]
[WhiteElo "1703"]
[BlackElo "1662"]

1.b4 d5 2.Bb2 Nf6 3.e3 Bf5 4.Nf3 e6 5.b5 Bd6 6.Be2 c5 7.c4 Nbd7 8.d3 Qc7 
9.Nc3 O-O 10.h3 h6 11.O-O Bh7 12.Qb3 dxc4 13.dxc4 Rad8 14.Rfd1 b6 15.Bd3 
Bxd3 16.Rxd3 Ne5 17.Nxe5 Bxe5 18.Rad1 Rxd3 19.Rxd3 Rd8 20.Qd1 Rxd3 21.Qxd3
Qd7 22.Qxd7 Nxd7 23.f4 Bf6 24.e4 Bd4+ 25.Kf1 g6 26.Ke2 h5 27.Nd1 Bxb2 28.
Nxb2 f6 29.Nd3 Kf7 30.Kf3 Ke7 31.g4 hxg4+ 32.hxg4 Kf7 33.a4 Ke7 34.Kg3 Kf7
35.Kh4 Kg7 36.Kg3 Kf7 37.Kh4 Kg7 38.Kg3 1/2-1/2

[Event "Nordic Championship 50+"]
[Site "Vaxjo"]
[Date "2017.06.28"]
[Round "4.7"]
[White "Ohlsson, Mikael"]
[Black "Pettersson, Kjell-Erik"]
[Result "0-1"]
[WhiteElo "1765"]
[BlackElo "1721"]

1.c4 c6 2.Nf3 d5 3.e3 Nf6 4.b3 Bf5 5.Ba3 Nbd7 6.Nc3 e6 7.Bxf8 Nxf8 8.Nd4 
Bg6 9.f4 N8d7 10.Be2 e5 11.Nf3 Qe7 12.cxd5 cxd5 13.fxe5 Nxe5 14.Bb5+ Nc6 
15.Nd4 Rc8 16.O-O O-O 17.Nxc6 bxc6 18.Ba6 Rcd8 19.Rf4 Qe5 20.Qe1 Rfe8 21.
Qf2 Ne4 22.Nxe4 Qxa1+ 23.Bf1 dxe4 0-1

[Event "Nordic Championship 65+"]
[Site "Vaxjo"]
[Date "2017.06.28"]
[Round "4.1"]
[White "Ekelund, Kurt"]
[Black "Lekander, Rolf"]
[Result "1/2-1/2"]
[WhiteElo "2003"]
[BlackElo "2180"]

1.e4 g6 2.d4 Bg7 3.Nc3 c6 4.Nf3 d6 5.Be2 Nf6 6.O-O O-O 7.h3 Nbd7 8.Be3 Qc7
9.Qd2 e5 10.dxe5 dxe5 11.Rad1 Re8 12.a4 Bf8 13.Bh6 Bg7 14.Be3 Qa5 15.Bc4 
Nf8 16.Qd6 Be6 17.b4 Qd8 18.Bxe6 Nxe6 19.Qxe5 Nd5 20.Qg3 Bxc3 21.exd5 cxd5
22.Ng5 Bf6 23.Nf3 Bc3 24.Ng5 Bf6 25.Nf3 Bc3 1/2-1/2

[Event "Nordic Championship 65+"]
[Site "Vaxjo"]
[Date "2017.06.28"]
[Round "4.2"]
[White "Westin, Ake"]
[Black "Nilsson, Weine"]
[Result "1/2-1/2"]
[WhiteElo "2098"]
[BlackElo "1956"]

1.f4 d5 2.Nf3 Nf6 3.e3 Bg4 4.Be2 e6 5.b3 Be7 6.Bb2 Nbd7 7.O-O O-O 8.d3 c6 
9.Ne5 Bxe2 10.Qxe2 Qc7 11.Nd2 Ne8 12.Ndf3 f6 13.Nxd7 Qxd7 14.e4 Nc7 15.c4 
Rad8 16.Rad1 Rfe8 17.Kh1 Bf8 18.Bc3 b5 19.cxb5 cxb5 20.e5 f5 21.Bd4 b4 22.
Bxa7 Nb5 23.Bd4 Ra8 24.Rd2 Ra3 25.Rc1 Rea8 26.Rcc2 Be7 27.Qf2 h6 28.h3 Bf8
29.Qe3 Be7 30.Qf2 Bf8 31.Qe3 Be7 32.Qf2 Bf8 1/2-1/2

[Event "Nordic Championship 65+"]
[Site "Vaxjo"]
[Date "2017.06.28"]
[Round "4.3"]
[White "Olesen, Christer"]
[Black "Wihlborn, Bengt"]
[Result "1-0"]
[WhiteElo "1827"]
[BlackElo "1842"]

1.d4 d5 2.Bf4 e6 3.e3 Nf6 4.Nf3 Be7 5.c3 O-O 6.Bd3 b6 7.Qe2 Bb7 8.Nbd2 
Nbd7 9.Ne5 c5 10.h4 Ne4 11.O-O-O cxd4 12.exd4 Ndf6 13.f3 Nxd2 14.Bxd2 a5 
15.g4 b5 16.Bxb5 a4 17.h5 h6 18.Qd3 Nh7 19.f4 Qa5 20.g5 Ba6 21.Bxa6 Qxa6 
22.Qc2 a3 23.b3 hxg5 24.h6 f5 25.hxg7 Rfc8 26.fxg5 Bxg5 27.Bxg5 Rxc3 28.
Qxc3 Rc8 29.Nc4 dxc4 30.b4 Nxg5 31.Qg3 Ne4 32.Rh8+ Kf7 33.g8=Q+ 1-0

[Event "Nordic Championship 65+"]
[Site "Vaxjo"]
[Date "2017.06.28"]
[Round "4.4"]
[White "Olsson, Sture"]
[Black "Lauritsen, Niels"]
[Result "0-1"]
[WhiteElo "1921"]
[BlackElo "2039"]

1.d4 Nc6 2.Nf3 d5 3.g3 Bg4 4.Bg2 e6 5.b3 Nf6 6.O-O Bxf3 7.Bxf3 e5 8.dxe5 
Nxe5 9.Bg2 c6 10.Bb2 Bd6 11.Nc3 O-O 12.e4 dxe4 13.Nxe4 Nxe4 14.Bxe4 Re8 
15.Re1 Qc7 16.c4 f6 17.Qc2 g6 18.c5 Bf8 19.Rad1 Rad8 20.b4 Rxd1 21.Rxd1 
Qe7 22.Bg2 Bg7 23.h3 f5 24.f4 Nf7 25.Bxg7 Kxg7 26.Qc3+ Kg8 27.Bf3 Qe3+ 28.
Qxe3 Rxe3 29.Kf2 Re7 30.g4 fxg4 31.hxg4 Kf8 32.Rh1 Nd8 33.Re1 Rxe1 34.Kxe1
Ne6 35.f5 Nd4 36.Be4 gxf5 37.gxf5 Kf7 38.Kd2 Kf6 39.Kd3 Nxf5 40.b5 cxb5 
41.Bxb7 Ke5 42.Bc6 Ne7 43.Bxb5 Kd5 44.Be8 Kxc5 45.Kc3 Nd5+ 46.Kb3 Nf6 47.
Bf7 h5 48.Be6 h4 49.Ka4 Kb6 50.Kb4 Nh5 51.a4 a5+ 52.Kc4 Nf4 53.Bg4 h3 54.
Kd4 h2 55.Bf3 Ne2+ 56.Ke3 Ng3 0-1

[Event "Nordic Championship 65+"]
[Site "Vaxjo"]
[Date "2017.06.28"]
[Round "4.5"]
[White "Johansson, Bjorn"]
[Black "Norevall, Ulf"]
[Result "0-1"]
[WhiteElo "1922"]
[BlackElo "1769"]

1.c4 f5 2.g3 Nf6 3.Bg2 g6 4.Nc3 c6 5.d4 d6 6.e4 fxe4 7.Nxe4 Nxe4 8.Bxe4 
Bg7 9.Ne2 e5 10.Be3 Qa5+ 11.Bd2 Qc7 12.dxe5 dxe5 13.Qc2 O-O 14.O-O Bh3 15.
Rfe1 Na6 16.Be3 Qe7 17.c5 Kh8 18.Rad1 Rad8 19.a3 Nc7 20.Nc3 Ne6 21.Bg2 Bf5
22.Qc1 Rxd1 23.Rxd1 Nd4 24.Ne4 Ne2+ 0-1

[Event "Nordic Championship 65+"]
[Site "Vaxjo"]
[Date "2017.06.28"]
[Round "4.6"]
[White "Grahn, Lars"]
[Black "Ehlers, Kjeld"]
[Result "1-0"]
[WhiteElo "2008"]
[BlackElo "1560"]

1.Nf3 Nc6 2.d4 d5 3.Bf4 Nf6 4.h3 e6 5.e3 Bd6 6.c3 a6 7.Bd3 Qe7 8.Nbd2 e5 
9.dxe5 Nxe5 10.Nxe5 Bxe5 11.Bxe5 Qxe5 12.Nf3 Qd6 13.Qc2 h6 14.O-O O-O 15.
Rfd1 c6 16.c4 Qc7 17.cxd5 Nxd5 18.Bh7+ 1-0

[Event "Nordic Championship 65+"]
[Site "Vaxjo"]
[Date "2017.06.28"]
[Round "4.7"]
[White "Koski, Viljo"]
[Black "Lundgren, Ulf"]
[Result "1-0"]
[WhiteElo "1917"]
[BlackElo "1963"]

1.Nf3 Nf6 2.g3 d5 3.Bg2 g6 4.O-O c5 5.d3 Bg7 6.Nbd2 Nc6 7.e4 dxe4 8.dxe4 
O-O 9.c3 Qc7 10.h3 Nh5 11.Nc4 b6 12.Ne3 e6 13.Ng4 Bb7 14.Qe2 e5 15.Bh6 
Rad8 16.Rfd1 Bc8 17.Bxg7 Kxg7 18.Ne3 Ne7 19.Nd5 Nxd5 20.exd5 f6 21.Rd2 Kh8
22.Rad1 Ng7 23.g4 g5 24.Qc4 Ne8 25.Qe2 Nd6 26.c4 Qg7 27.b3 Rde8 28.Nh2 Qg6
29.Nf1 f5 30.Ng3 fxg4 31.hxg4 Rf4 32.f3 e4 33.Nxe4 Nxe4 34.fxe4 Bxg4 35.
Qe3 Bxd1 36.Rxd1 Qf6 37.d6 Re6 38.Qd3 Qb2 39.d7 Qf2+ 40.Kh1 Rh6+ 41.Bh3 
Rf8 42.d8=Q g4 43.Qc3+ Rf6 44.Qxf8# 1-0

[Event "Nordic Championship 65+"]
[Site "Vaxjo"]
[Date "2017.06.28"]
[Round "4.8"]
[White "Heikkila, Raine"]
[Black "Isaksson, Leif"]
[Result "1/2-1/2"]
[WhiteElo "1714"]
[BlackElo "1928"]

1.d4 f5 2.c4 e6 3.Nc3 Nf6 4.Nf3 d5 5.Bf4 c6 6.c5 Ne4 7.Nxe4 fxe4 8.Ne5 Nd7
9.a3 Be7 10.e3 O-O 11.Be2 Nxe5 12.Bxe5 Bf6 13.Bg3 1/2-1/2

[Event "Nordic Championship Women"]
[Site "Vaxjo"]
[Date "2017.06.29"]
[Round "2.1"]
[White "Ptacnikova, Lenka"]
[Black "Mariano-Wagman, Cristine Rose"]
[Result "0-1"]
[WhiteElo "2207"]
[BlackElo "1933"]

1.e4 c5 2.Nc3 Nc6 3.f4 g6 4.Nf3 Bg7 5.Bb5 d6 6.Bxc6+ bxc6 7.O-O e6 8.d3 
Rb8 9.Qe1 Ne7 10.b3 O-O 11.Ba3 Re8 12.Rd1 Qa5 13.Na4 Qd8 14.Kh1 Bb7 15.g3 
Nc8 16.e5 Nb6 17.Nb2 Bf8 18.exd6 Bxd6 19.Nc4 Be7 20.Nce5 h5 21.Nxg6 fxg6 
22.Qxe6+ Kg7 23.c4 Bf6 24.Qh3 Re2 25.f5 Bc8 26.Nh4 Bxh4 27.gxh4 Qd6 28.Bc1
Bxf5 29.Rxf5 gxf5 30.Rf1 Rbe8 31.Bf4 Qg6 0-1

[Event "Nordic Championship Women"]
[Site "Vaxjo"]
[Date "2017.06.29"]
[Round "2.2"]
[White "Fredericia Nilssen, Ellen"]
[Black "Johansson, Viktoria"]
[Result "0-1"]
[WhiteElo "1948"]
[BlackElo "2114"]

1.d4 d5 2.c4 c6 3.Nc3 Nf6 4.Nf3 dxc4 5.a4 Bf5 6.e3 e6 7.Bxc4 Bb4 8.O-O O-O
9.Nh4 Bg4 10.f3 Bh5 11.g4 Bg6 12.Nxg6 hxg6 13.Qc2 Nbd7 14.Rd1 Qe7 15.e4 e5
16.d5 Qc5+ 17.Qf2 Qxc4 18.g5 Nh5 19.dxc6 Qxc6 0-1